Trouvez le pays en fonction du Joueur -- Asie - Statistiques

Statistiques générales
  • Ce quiz a été pris 48 fois
  • Le résultat moyen est 31 sur 39
Statistiques - réponses
Pays Pays Joueur % Correct
Zhang Linpeng Chine
98%
Ji-Sung Park Corée du Sud
98%
Akram Afif Qatar
95%
Hidetoshi Nakata Japon
93%
Saeed Al Owairan Arabie Saoudite
91%
Lallianzuala Chhangte Inde
91%
Amjad Attwan Irak
91%
Ali Daei Iran
91%
Il-gwan Jong Corée du Nord
89%
Eldor Shomurodov Ouzbékistan
89%
Quang Hai Nguyen Viêt-Nam
89%
Zubayr Amiri Afghanistan
84%
Theerathon Bunmathan Thaïlande
84%
Chanthea Sieng Cambodge
82%
Billy Ketkeophomphone Laos
82%
Munkh-Erdene Enkhtaivan Mongolie
82%
Hassan Bashir Pakistan
82%
Abdulwasea Al-Matari Yémen
80%
Tim Cahill Australie
77%
Caio Emirats-Arabes-Unis
77%
Salah Al-Yahyaei Oman
77%
Jefferson David Tabinas Philippines
77%
Omar Al-Somah Syrie
77%
Rakhat Zhaparov Turkménistan
77%
Anisur Rahman Zico Bangladesh
73%
Jordi Amat Indonésie
73%
Gulzhigit Alykulov Kirghizistan
73%
Irfan Fandi Singapour
73%
Ali Madan Bahreïn
70%
Bassel Jradi Liban
70%
Rohit Chand Népal
70%
Claudio Kammerknecht Sri Lanka
70%
Maung Maung Lwin Birmanie
68%
Fahad Al-Hajeri Koweït
68%
Parvizdzhon Umarbaev Tadjikistan
68%
Faisal Halim Malaisie
66%
Chencho Gyeltshen Bhoutan
64%
Hakeme Yazid Said Brunei
64%
Mouzinho Timor Oriental
55%
Aucun quiz correspondant
Distribution des résultats
% des personnes avec chaque résultat
Percentile par nombre de réponses
Votre historique - résultats
Vous n’avez pas pris ce quiz